Classifica Marcatori Serie A 2005-2006 - Statistics

Statistiche generali
  • Questo quiz è stato fatto 108 volte
  • Il punteggio medio è 14 su 17
Statistiche sulle risposte
Gol Nazione Squadra Calciatore % Corretto
23 Francia Juventus David Trezeguet
99%
15 Italia Totti Francesco Totti
98%
31 Italia Fiorentina Luca Toni
98%
19 Ucraina Milan Andrij Ševčenko
96%
12 Italia Milan Filippo Inzaghi
94%
12 Italia Juventus Alessandro Del Piero
93%
14 Brasile Milan Kakà
90%
13 Brasile Inter Adriano
89%
19 Italia Livorno Cristiano Lucarelli
86%
13 Italia Chievo Sergio Pellissier
83%
22 Honduras Cagliari David Suazo
79%
15 Argentina Inter Julio Cruz
76%
17 Italia Milan Alberto Gilardino
75%
16 Italia Lazio Tommaso Rocchi
75%
12 Brasile Roma Mancini
65%
19 Italia Empoli Francesco Tavano
64%
13 Italia Messina Arturo Di Napoli
33%
Nessun quiz corrispondente trovato
Distribuzione punteggi
Percentuale di utenti per punteggio
Percentile per numero di risposta
I tuoi punteggi nel tempo
Non hai fatto questo quiz